Návrh zákona o pozemkoch nezistených vlastníkov

Ministerstvo pôdohospodárstva a rozvoja vidieka SR predložilo predbežnú informáciu o návrhu zákona o pozemkoch nezistených vlastníkov a nedostatočne identifikovaných vlastníkov. Môžu obce očakávať, že by do ich vlastníctva mohla prejsť časť tohto majetku?

Na minha lista:
Detalhes bibliográficos
Autor principal: Maslák, Marek
Formato: Capítulo de Livro
Idioma:eslovaco
Assuntos:
Tags: Adicionar Tag
Sem tags, seja o primeiro a adicionar uma tag!

MARC

LEADER 00000naa a2200000 4500
001 0311684
005 20250724102825.2
041 0 |a slo 
044 |a SK 
245 1 0 |a Návrh zákona o pozemkoch nezistených vlastníkov  |c Marek Maslák 
520 |a Ministerstvo pôdohospodárstva a rozvoja vidieka SR predložilo predbežnú informáciu o návrhu zákona o pozemkoch nezistených vlastníkov a nedostatočne identifikovaných vlastníkov. Môžu obce očakávať, že by do ich vlastníctva mohla prejsť časť tohto majetku? 
610 2 0 |a legislatíva 
610 2 0 |a novelizácia 
610 2 0 |a pozemky 
610 2 0 |a vlastníci 
610 2 0 |a vlastníctvo 
100 1 |a Maslák, Marek